[Event "Isla Guitart op"]
[Site "Isla Guitart "]
[Date "1994.??.??"]
[Round "?"]
[White "De la Paz Perdomo, Frank"]
[Black "Diaz Labrada, Augusto"]
[Result "0-1"]
[WhiteElo "2250"]
[BlackElo "2350"]
[PlyCount "58"]
[EventDate "1994.??.??"]
[EventType "swiss"]
[EventRounds "9"]
[EventCountry "CUB"]
[SourceTitle "EXT 2000"]
[Source "ChessBase"]
[SourceDate "1999.11.16"]
[SourceVersion "1"]
[SourceVersionDate "1999.11.16"]
[SourceQuality "1"]

1. e4 c5 2. Nf3 Nc6 3. Bb5 e6 4. Bxc6 bxc6 5. b3 d6 6. e5 d5 7. 0-0 Ne7 8. d3 Ng6 9. c4 Qc7 10. Re1 Be7 11. Nc3 0-0 12. Ba3 f6 13. Na4 fxe5 14. Bxc5 Rf5 15. Re3 Ba6 16. Qe2 Raf8 17. Re1 e4 18. dxe4 dxe4 19. Nd4 Nf4 20. Qc2 Rxc5 21. Nxc5 Bxc5 22. Rxe4 Bc8 23. Qc3 a5 24. Qg3 e5 25. Nf3 Nd3 26. Rf1 Bf5 27. Re2 Nf4 28. Rd2 Bb4 29. Rb2 Bc3 0-1

[Event "Isla Guitart op"]
[Site "Isla Guitart "]
[Date "1994.??.??"]
[Round "?"]
[White "Diaz Labrada, Augusto"]
[Black "Espinosa, Julio Manuel"]
[Result "0-1"]
[WhiteElo "2350"]
[BlackElo "2340"]
[PlyCount "62"]
[EventDate "1994.??.??"]
[EventType "swiss"]
[EventRounds "9"]
[EventCountry "CUB"]
[SourceTitle "EXT 2000"]
[Source "ChessBase"]
[SourceDate "1999.11.16"]
[SourceVersion "1"]
[SourceVersionDate "1999.11.16"]
[SourceQuality "1"]

1. c4 e6 2. Nf3 Nf6 3. g3 d5 4. Bg2 dxc4 5. Qa4+ Bd7 6. Qxc4 Bc6 7. 0-0 Nbd7 8. Qc2 Be7 9. Nc3 0-0 10. b3 Re8 11. Bb2 e5 12. d3 Bf8 13. Rac1 Rc8 14. Qb1 Nd5 15. Nxd5 Bxd5 16. e4 Bc6 17. d4 Bb5 18. Rfd1 Be2 19. Rd2 Bxf3 20. Bxf3 Qg5 21. Rcd1 exd4 22. Rxd4 Ne5 23. Bg2 Bc5 24. f4 Qh5 25. fxe5 Rcd8 26. Kh1 Bxd4 27. Rxd4 Rxd4 28. Bxd4 Rd8 29. Qb2 Qd1+ 30. Bg1 Qe1 31. Bf3 Rd2 0-1

[Event "Isla Guitart op"]
[Site "Isla Guitart "]
[Date "1994.??.??"]
[Round "?"]
[White "Lopez Hernandez, Carlos Manuel"]
[Black "Diaz Labrada, Augusto"]
[Result "1/2-1/2"]
[WhiteElo "2330"]
[BlackElo "2350"]
[PlyCount "90"]
[EventDate "1994.??.??"]
[EventType "swiss"]
[EventRounds "9"]
[EventCountry "CUB"]
[SourceTitle "EXT 2000"]
[Source "ChessBase"]
[SourceDate "1999.11.16"]
[SourceVersion "1"]
[SourceVersionDate "1999.11.16"]
[SourceQuality "1"]

1. e4 c5 2. Nf3 Nc6 3. Bb5 e6 4. 0-0 Nge7 5. c3 a6 6. Ba4 b5 7. Bc2 Bb7 8. d4 cxd4 9. Nxd4 d5 10. Nb3 Ng6 11. Be3 Nce5 12. N1d2 Qh4 13. Na5 Bc8 14. h3 Qd8 15. b4 Nc4 16. Ndxc4 dxc4 17. Qxd8+ Kxd8 18. Bb6+ Ke8 19. e5 Bd7 20. Be4 Rb8 21. Ba7 Rc8 22. f4 Ne7 23. Bb7 Rc7 24. Bb6 Rxb7 25. Nxb7 Nd5 26. Bd4 g6 27. Rf2 Be7 28. g3 h5 29. Na5 Kd8 30. a4 Kc7 31. axb5 Bxb5 32. Kg2 Rd8 33. Rd2 Kb8 34. Kf3 Rh8 35. Raa2 Kc7 36. Rh2 Bf8 37. g4 Bh6 38. f5 Bf4 39. Rhg2 hxg4+ 40. hxg4 g5 41. Rac2 Rh3+ 42. Kf2 Rh1 43. Rg1 Rh2+ 44. Rg2 Rh1 45. Rg1 Rh2+ 1/2-1/2

[Event "Havana op"]
[Site "Havana"]
[Date "1993.??.??"]
[Round "?"]
[White "Diaz Labrada, Augusto"]
[Black "Barredo Duran, Luis"]
[Result "0-1"]
[WhiteElo "2285"]
[BlackElo "2260"]
[PlyCount "56"]
[EventDate "1993.??.??"]
[EventType "swiss"]
[EventRounds "9"]
[EventCountry "CUB"]
[SourceTitle "EXT 1998"]
[Source "ChessBase"]
[SourceDate "1997.11.17"]
[SourceVersion "1"]
[SourceVersionDate "1997.11.17"]
[SourceQuality "1"]

1. d4 d6 2. Nf3 Nf6 3. g3 g6 4. Bg2 Bg7 5. 0-0 0-0 6. c4 c5 7. d5 b5 8. cxb5 a6 9. bxa6 Bxa6 10. Nc3 Nbd7 11. Qc2 Qb6 12. Re1 Rfb8 13. e4 Ng4 14. Bf1 Nde5 15. Nxe5 Nxe5 16. Kg2 c4 17. f4 Nd3 18. Bxd3 cxd3 19. Qd2 Qc5 20. Rf1 Qc4 21. e5 dxe5 22. b3 Qd4 23. fxe5 Bxe5 24. Bb2 Rc8 25. Rae1 Bb7 26. Rf2 Rxc3 27. Rxe5 Qxe5 28. Qxc3 Qxd5+ 0-1

[Event "CUB-ch"]
[Site "Colon"]
[Date "1993.??.??"]
[Round "2"]
[White "Diaz Labrada, Augusto"]
[Black "Diaz Diaz, Joaquin Carlos"]
[Result "1-0"]
[WhiteElo "2285"]
[BlackElo "2440"]
[PlyCount "76"]
[EventDate "1993.10.??"]
[EventType "swiss"]
[EventRounds "11"]
[EventCountry "CUB"]
[SourceTitle "TD"]
[Source "ChessBase"]
[SourceDate "1994.03.01"]
[SourceVersion "1"]
[SourceVersionDate "1994.03.01"]
[SourceQuality "1"]

1. c4 Nf6 2. Nc3 g6 3. g3 Bg7 4. Bg2 0-0 5. Nf3 d6 6. 0-0 e5 7. d3 Nc6 8. Rb1 a5 9. a3 Bd7 10. b4 axb4 11. axb4 Ne8 12. Nd2 Rb8 13. Nd5 Nf6 14. b5 Nxd5 15. Bxd5 Ne7 16. Bg2 f5 17. f4 Kh8 18. e3 Ng8 19. Nf3 c6 20. Ba3 exf4 21. bxc6 Bxc6 22. exf4 Ra8 23. Qb3 Qd7 24. Bb2 Nf6 25. h3 Ba4 26. Qb4 Bc2 27. Rbc1 Bxd3 28. Rfd1 Be4 29. Rxd6 Qe7 30. Rcd1 Ra2 31. Qb3 Rxb2 32. Qxb2 Bxf3 33. Bxf3 Ne4 34. Qe2 Re8 35. Bxe4 fxe4 36. Kh2 g5 37. Rd7 Qf8 38. fxg5 Be5 1-0

[Event "CUB-ch"]
[Site "Colon"]
[Date "1993.??.??"]
[Round "6"]
[White "Diaz Labrada, Augusto"]
[Black "Leyva Proenza, Ricardo"]
[Result "1/2-1/2"]
[WhiteElo "2285"]
[BlackElo "2285"]
[PlyCount "80"]
[EventDate "1993.10.??"]
[EventType "swiss"]
[EventRounds "11"]
[EventCountry "CUB"]
[SourceTitle "TD"]
[Source "ChessBase"]
[SourceDate "1994.03.01"]
[SourceVersion "1"]
[SourceVersionDate "1994.03.01"]
[SourceQuality "1"]

1. c4 g6 2. Nc3 Bg7 3. g3 Nc6 4. Bg2 e5 5. Nf3 f5 6. d3 Nf6 7. 0-0 0-0 8. Rb1 d6 9. b4 h6 10. b5 Ne7 11. Nd2 g5 12. Nb3 g4 13. e3 h5 14. f4 Ng6 15. Nd5 a6 16. a4 axb5 17. axb5 h4 18. Nxf6+ Bxf6 19. Rf2 Kg7 20. Bb2 Rh8 21. Ra1 Rb8 22. Qf1 Rh5 23. c5 hxg3 24. hxg3 Be6 25. Na5 Qh8 26. Qc1 d5 27. d4 exf4 28. exf4 Qh6 29. Re2 Bf7 30. Qd2 Qh8 31. Kf2 Rh2 32. Rg1 Qh3 33. Re3 Qh6 34. Re2 Bh4 35. gxh4 Nxf4 36. Bc1 Qxh4+ 37. Kf1 Nxe2 38. Qxe2 Re8 39. Qf2 g3 40. Qf4 Rxg2 1/2-1/2

[Event "Havana op"]
[Site "Havana"]
[Date "1993.??.??"]
[Round "?"]
[White "Li Torres, Manuel Eugenio"]
[Black "Diaz Labrada, Augusto"]
[Result "1-0"]
[WhiteElo "2320"]
[BlackElo "2285"]
[PlyCount "71"]
[EventDate "1993.??.??"]
[EventType "swiss"]
[EventRounds "9"]
[EventCountry "CUB"]
[SourceTitle "EXT 1998"]
[Source "ChessBase"]
[SourceDate "1997.11.17"]
[SourceVersion "1"]
[SourceVersionDate "1997.11.17"]
[SourceQuality "1"]

1. d4 Nf6 2. c4 e6 3. Nf3 b6 4. a3 Ba6 5. Qc2 c5 6. e4 cxd4 7. Nxd4 d6 8. Nc3 Nbd7 9. Be2 Rc8 10. Ndb5 Bxb5 11. Nxb5 a6 12. Nc3 Be7 13. 0-0 0-0 14. Be3 Qc7 15. f4 Qb8 16. Rac1 Rc7 17. g4 Rfc8 18. g5 Ne8 19. Qd1 Qb7 20. f5 Rc6 21. fxe6 fxe6 22. Bg4 Nc7 23. Nd5 exd5 24. Bxd7 dxc4 25. Qg4 Rd8 26. Qf5 Rf8 27. Bxc6 Qxc6 28. Qg4 Re8 29. g6 Bf6 30. gxh7+ Kh8 31. Rxf6 gxf6 32. Bd4 d5 33. Rf1 Kxh7 34. Rxf6 Qxf6 35. Bxf6 Rg8 36. Bg5 1-0

[Event "Fuerteventura op"]
[Site "Fuerteventura"]
[Date "1992.??.??"]
[Round "?"]
[White "Arencibia Rodriguez, Walter"]
[Black "Diaz Labrada, Augusto"]
[Result "1/2-1/2"]
[WhiteElo "2535"]
[BlackElo "2245"]
[PlyCount "48"]
[EventDate "1992.??.??"]
[EventType "swiss"]
[EventRounds "11"]
[EventCountry "CUB"]
[SourceTitle "EXT 2003"]
[Source "ChessBase"]
[SourceDate "2002.11.25"]
[SourceVersion "1"]
[SourceVersionDate "2002.11.25"]
[SourceQuality "1"]

1. d4 Nf6 2. Nf3 g6 3. c4 Bg7 4. Nc3 0-0 5. h3 d6 6. Bf4 c6 7. e3 Nbd7 8. Be2 Qa5 9. 0-0 e5 10. Bh2 Re8 11. Rb1 exd4 12. Nxd4 Ne5 13. Qd2 d5 14. Nb3 Qb4 15. cxd5 Nxd5 16. Nxd5 Qxd2 17. Nf6+ Bxf6 18. Nxd2 Bf5 19. e4 Rad8 20. Rfd1 Be6 21. b3 Nd3 22. Bxd3 Rxd3 23. Kf1 Red8 24. Ke2 Kf8 1/2-1/2

[Event "Fuerteventura op"]
[Site "Fuerteventura"]
[Date "1992.??.??"]
[Round "?"]
[White "Diaz Labrada, Augusto"]
[Black "Ramon Pita, Vivian"]
[Result "1-0"]
[WhiteElo "2245"]
[BlackElo "2260"]
[PlyCount "147"]
[EventDate "1992.??.??"]
[EventType "swiss"]
[EventRounds "11"]
[EventCountry "CUB"]
[SourceTitle "EXT 1999"]
[Source "ChessBase"]
[SourceDate "1998.11.16"]
[SourceVersion "1"]
[SourceVersionDate "1998.11.16"]
[SourceQuality "1"]

1. d4 Nf6 2. Bg5 Ne4 3. Bf4 c5 4. f3 Nf6 5. d5 Qb6 6. Be5 d6 7. Bc3 e5 8. Na3 Qd8 9. e4 a6 10. Qd2 Be7 11. Nc4 Nfd7 12. g3 0-0 13. a4 b6 14. Bh3 Bb7 15. Ne2 b5 16. Ba5 Qe8 17. Ne3 Bg5 18. 0-0 Bxe3+ 19. Qxe3 Nf6 20. g4 Bc8 21. axb5 Qxb5 22. Ng3 Ra7 23. b4 Nbd7 24. Nf5 Qb8 25. Qg5 Ne8 26. Ne7+ Kh8 27. Nc6 f6 28. Qe3 Qb7 29. Rfb1 Qa8 30. Nxa7 Qxa7 31. bxc5 dxc5 32. Bb6 Nxb6 33. Qxc5 Nd6 34. Rxb6 Rd8 35. Kh1 h5 36. gxh5 Bxh3 37. Raxa6 Nxe4 38. fxe4 Qf7 39. Qe3 Qxh5 40. Ra1 f5 41. Rb3 Bg4 42. exf5 Rxd5 43. f6 gxf6 44. Ra8+ Kg7 45. Ra7+ Rd7 46. Rxd7+ Bxd7 47. Rb7 Qf7 48. Qc5 Kg6 49. Kg1 Qe6 50. Rb3 Kf7 51. Rb4 Bc6 52. Qa7+ Bd7 53. Rb7 Qg4+ 54. Kf2 Qf4+ 55. Ke2 Qxh2+ 56. Kd3 Qh3+ 57. Kd2 Ke7 58. Kc1 Qe6 59. Qg1 Qc6 60. Rb6 Qc4 61. Qg6 Qf7 62. Qd3 Ke8 63. Qd6 Qe7 64. Qxf6 Qc5 65. Rb8+ Bc8 66. Qe6+ Kd8 67. Qb6+ Qxb6 68. Rxb6 Kc7 69. Rh6 Bb7 70. Re6 e4 71. Kd2 Bd5 72. Rh6 Ba2 73. Ke3 Bb1 74. Rh2 1-0

[Event "Fuerteventura op"]
[Site "Fuerteventura"]
[Date "1992.??.??"]
[Round "?"]
[White "Pupo, Emilio"]
[Black "Diaz Labrada, Augusto"]
[Result "1/2-1/2"]
[WhiteElo "2395"]
[BlackElo "2245"]
[PlyCount "104"]
[EventDate "1992.??.??"]
[EventType "swiss"]
[EventRounds "11"]
[EventCountry "CUB"]
[SourceTitle "EXT 1999"]
[Source "ChessBase"]
[SourceDate "1998.11.16"]
[SourceVersion "1"]
[SourceVersionDate "1998.11.16"]
[SourceQuality "1"]

1. e4 c5 2. Nf3 Nc6 3. d4 cxd4 4. Nxd4 e5 5. Nb5 d6 6. c4 Be7 7. N1c3 a6 8. Na3 Be6 9. Be2 Bg5 10. 0-0 Bxc1 11. Rxc1 Nge7 12. Nc2 0-0 13. Qd2 Ng6 14. Rfd1 Nf4 15. Bf1 Qg5 16. f3 h5 17. Kh1 h4 18. Qf2 Rac8 19. b3 b5 20. cxb5 Nd4 21. Nxd4 exd4 22. Qxd4 axb5 23. Qe3 Rc5 24. Ne2 Nxe2 25. Qxg5 Rxg5 26. Bxe2 Rc5 27. Rxc5 dxc5 28. Bxb5 Ra8 29. Ba4 c4 30. Kg1 g5 31. Kf2 Kg7 32. Rd2 Ra7 33. Ke3 Kf6 34. g3 cxb3 35. Bxb3 h3 36. f4 Rc7 37. Rc2 Rxc2 38. Bxc2 Bxa2 39. e5+ Ke6 40. Kd4 gxf4 41. gxf4 f6 42. f5+ Ke7 43. Ke4 Bc4 44. Kf4 fxe5+ 45. Kxe5 Ba6 46. f6+ Kf7 47. Bb3+ Kf8 48. Be6 Bf1 49. Kf4 Ke8 50. Kg3 Kf8 51. Bd5 Ke8 52. Kf2 Bg2 1/2-1/2